Top 3 Countries by Language - Statistics

General Stats
  • This quiz has been taken 31 times
  • The average score is 24 of 30
Answer Stats
Hint Answer % Correct
Most Portuguese speakers Brazil
96%
Most French speakers France
96%
Most German speakers Germany
96%
Most Spanish speakers Mexico
96%
Most Russian speakers Russia
96%
Most English speakers United States of America
96%
Third-most Portuguese speakers Portugal
93%
Second-most German speakers Austria
89%
Most Mandarin speakers China
89%
Second-most English speakers India
89%
Most Hindi speakers India
89%
Third-most German speakers Switzerland
89%
Second-most Russian speakers Ukraine
89%
Second-most Portuguese speakers Angola
85%
Most Arabic speakers Egypt
85%
Third-most Russian speakers Belarus
81%
Second-most Mandarin speakers Taiwan
81%
Third-most Spanish speakers Colombia
78%
Second-most Spanish speakers United States of America
78%
Third-most English speakers Nigeria
74%
Third-most Mandarin speakers Singapore
74%
Third-most Arabic speakers Algeria
70%
Second-most French speakers Democratic Republic of the Congo
70%
Second-most Swahili speakers Kenya
70%
Most Swahili speakers Tanzania
67%
Second-most Arabic speakers Sudan
63%
Third-most Hindi speakers United States of America
63%
Second-most Hindi speakers Nepal
59%
Third-most French speakers Algeria
52%
Third-most Swahili speakers Democratic Republic of the Congo
52%
No matching quizzes found
Score Distribution
Percent of People with Each Score
Percentile by Number Answered
Your Score History
You have not taken this quiz